00957nam a2200289 a 450000100060000000300090000600800410001502000180005604000280007404100080010210000260011024500810013625000110021726000360022830000220026449000250028650000530031165000290036465000270039365000320042065000230045265000400047565000390051565000560055470000310061070000260064125819CO-ViMGA141112s2004 ck r 000 u spa d a9789586652681 aCO-ViMGAbspacCO-ViMGA aSPA1 aSís, Peter, 1949 - 10aEl coloquio de los pájaros / cPeter Sís ; traducción Valeria Luiselli a1a ed. aBogotá : bSexto piso, c2013 a160 p. : il. col. aSexto Piso Ilustrado aTítulo original : The conference of the birds.14aADAPTACIONES LITERARIAS 14aAUTORES CHECOSLOVACOS 14aILUSTRADORES CHECOSLOVACOS 14aLIBROS ILUSTRADOS 14aLITERATURA CHECOSLOVACA - SIGLO XX 14aLITERATURA CLASICA - ADAPTACIONES 14aPREMIO HANS CHRISTIAN ANDERSEN DE ILUSTRACION, 20121 aLuiselli, Valeria, 1983 - 1 aSís, Peter, 1949 -